000 00746nam a2200277 a 4500
003 AR-BaBNM
005 20251128210338.0
008 082120s2002 ||||||||||||||000 | spa||
020 _a84-329-8622-4
040 _cAR-BaBNM
245 0 0 _aComo aplicar estrategias de enseñanza
_n1
250 _a1ª ed.
260 _aBarcelona
_bEdiciones CEAC
_c1989
300 _a160 p.
_bil., tablas
490 0 _aEducación y enseñanza
650 4 _aMETODOS DE ENSEÑANZA
650 4 _aROL DEL DOCENTE
650 4 _aMOTIVACION DEL ALUMNO
650 4 _aTECNICAS DIDACTICAS
650 4 _aACTIVIDADES
650 4 _aAUTOEVALUACION
650 4 _aEVALUACION DEL DOCENTE
800 1 _aSarramona, Jaume
_edirector
942 _cBK
998 _cRaquel
999 _c15064
_d15064